Statistics for Avril Lavigne's Discography (June 2023)

Click here to take the quiz!

General Stats

  • This quiz has been taken 11 times
  • The average score is 69 of 113

Answer Stats

AlbumTrack #Answer% Correct
Let Go2Complicated
100%
The Best Damn Thing1Girlfriend
100%
Avril Lavigne8Hello Kitty
100%
Under My Skin6My Happy Ending
100%
The Best Damn Thing4The Best Damn Thing
100%
Goodbye Lullaby2What the Hell
100%
Goodbye Lullaby12Alice
86%
Goodbye Lullaby1Black Star
86%
Head Above Water1Head Above Water
86%
Avril Lavigne2Here's to Never Growing Up
86%
The Best Damn Thing7Hot
86%
Goodbye Lullaby7I Love You
86%
Let Go4I'm with You
86%
The Best Damn Thing12Keep Holding On
86%
Love Sux5Love Sux
86%
Under My Skin7Nobody's Home
86%
Let Go3Sk8er Boi
86%
Goodbye Lullaby5Smile
86%
Goodbye Lullaby104 Real
71%
Let Go8Anything but Ordinary
71%
Avril Lavigne4Bitchin' Summer
71%
Love Sux2Bois Lie (feat. Machine Gun Kelly)
71%
Love Sux12Break of a Heartache
71%
Under My Skin3Don't Tell Me
71%
Head Above Water5Dumb Blonde
71%
Under My Skin10Fall to Pieces
71%
Under My Skin8Forgotten
71%
Avril Lavigne6Give You What You Like
71%
Goodbye Lullaby14Goodbye
71%
Under My Skin4He Wasn't
71%
Avril Lavigne (Bonus)15How You Remind Me
71%
The Best Damn Thing2I Can Do Better
71%
The Best Damn Thing8Innocence
71%
Avril Lavigne5Let Me Go (feat. Chad Kroeger)
71%
Let Go1Losing Grip
71%
Let Go5Mobile
71%
Avril Lavigne1Rock N Roll
71%
The Best Damn Thing3Runaway
71%
Avril Lavigne10Sippin' on Sunshine
71%
Under My Skin1Take Me Away
71%
Let Go9Things I'll Never Say
71%
The Best Damn Thing5When You're Gone
71%
Goodbye Lullaby4Wish You Were Here
71%
Avril Lavigne317
57%
Love Sux10All I Wanted (feat. Mark Hoppus)
57%
Love Sux7Avalanche
57%
Avril Lavigne7Bad Girl (feat. Marilyn Manson)
57%
Avril Lavigne (Bonus)14Bad Reputation
57%
Head Above Water10Bigger Wow
57%
Head Above Water2Birdie
57%
Love Sux3Bite Me
57%
Let Go (20th Year Anniversary)16Breakaway
57%
Love Sux1Cannonball
57%
Head Above Water8Crush
57%
Love Sux11Dare to Love Me
57%
Goodbye Lullaby11Darlin
57%
Love Sux8Déjà vu
57%
Goodbye Lullaby8Everybody Hurts
57%
Avril Lavigne12Falling Fast
57%
Under My Skin11Freak Out
57%
Love Sux9F.U.
57%
Let Go (20th Year Anniversary)15Get Over It
57%
Head Above Water9Goddess
57%
Avril Lavigne11Hello Heartache
57%
Under My Skin5How Does It Feel
57%
Avril Lavigne13Hush Hush
57%
Under My Skin (Bonus)13I Always Get What I Want
57%
Let Go (20th Year Anniversary)18I Don't Give
57%
Head Above Water3I Fell in Love with the Devil
57%
Love Sux (Deluxe)13I'm a Mess (with YUNGBLUD)
57%
Head Above Water6It Was in Me
57%
Love Sux6Kiss Me Like the World Is Ending
57%
Love Sux4Love It When You Hate Me (feat. blackbear)
57%
Head Above Water11Love Me Insane
57%
Love Sux (Deluxe)14Mercury in Retrograde
57%
Let Go10My World
57%
Let Go13Naked
57%
The Best Damn Thing10One of Those Girls
57%
Goodbye Lullaby3Push
57%
Goodbye Lullaby13Remember When
57%
Under My Skin12Slipped Away
57%
Head Above Water7Souvenir
57%
Goodbye Lullaby6Stop Standing There
57%
Head Above Water4Tell Me It's Over
57%
Under My Skin2Together
57%
Let Go7Tomorrow
57%
Let Go12Too Much to Ask
57%
Let Go6Unwanted
57%
Head Above Water12Warrior
57%
Let Go (20th Year Anniversary)14Why
57%
The Best Damn Thing (Bonus)13Alone
43%
The Best Damn Thing11Contagious
43%
The Best Damn Thing6Everything Back but You
43%
Let Go (20th Year Anniversary)17Falling Down
43%
Non-Album Singles-Fly
43%
Non-Album Collaborations-Grow (with Willow)
43%
The Best Damn Thing (Bonus)14I Will Be
43%
B-Sides-Knockin' on Heaven's Door
43%
Let Go (20th Year Anniversary)19Make Up
43%
Let Go11Nobody's Fool
43%
Goodbye Lullaby9Not Enough
43%
Love Sux (Deluxe)15Pity Party
43%
Under My Skin9Who Knows
43%
Avril Lavigne9You Ain't Seen Nothin' Yet
43%
Non-Album Collaborations-Baby It's Cold Outside (with Jonny Blu)
29%
Non-Album Collaborations-Flames (by Mod Sun)
29%
The Best Damn Thing9I Don't Have to Try
29%
Non-Album Collaborations-Right Where I'm Supposed to Be (with Various Artists)
29%
Non-Album Singles-We Are Warriors
29%
Non-Album Collaborations-Best Years of Our Lives (by Evan Taubenfield)
14%
Non-Album Collaborations-Eyes Wide Shut (by Illenium)
14%
Non-Album Collaborations-O Holy Night (with Chantal Kreviazuk)
14%
B-Sides-Take It
14%

Score Distribution

Percentile by Number Answered

Percent of People with Each Score

Your Score History

You have not taken this quiz